01156nam a2200253 a 450000100100000000500170001000800410002702000180006804000250008608200200011110000310013124500990016226000380026130000250029950000640032459000260038865000270041465000310044191000380047295201330051095201180064395201240076199900170088500002512520240530073919.0110210s2011 dr 000 0 spa d a9789945002874 aDO-SdBNPbspacBNPHU aRD863.44bS211a1 aSánchez, Federico92661110a... y aunque sea con borrones, escríbeme :b(cartas amarillas) novela /cFederico Sánchez. aSanto Domingo :bFS Fedor,c2011. axi, 445 p. ;c22 cm. aIncluye datos biográficos del autor en la contracubierta. aInventariado, 2020/VM 0aNovela dominicana9223 0aLiteratura dominicana.967 aValidado. Control de calidad EMS. 001054708DSaGRbGRcHDd2014-03-20iLF1l0oRD863.44 S211ap25125-30r2020-06-25te. 3w2020-06-25yLFDSZPréstamo en sala 0010718PDaPDbPDcHDd2011-02-10iLF1l0oRD863.44 S211ap25125-10r2020-06-25w2020-06-25yLFPDZNo se presta 0010718PDaPDbPDcHDd2011-02-10iLF1l0oRD863.44 S211ap25125-20r2020-06-25te. 2w2020-06-25yLFPDZNo se presta c24618d24618